| 000 | 00637nam a2200205Ia 4500 | ||
|---|---|---|---|
| 005 | 20260429112212.0 | ||
| 008 | 260429s9999||||xx |||||||||||||| ||und|| | ||
| 020 | _a9781108471541 | ||
| 041 | _aEnglish | ||
| 082 |
_a551.6 _bLOR |
||
| 100 | _aLorenz, Ralph D. | ||
| 245 | 0 |
_aExploring planetary climate : _ba history of scientific discovery on earth, mars, venus and titan / _cRalph D. Lorenz |
|
| 260 |
_aNew York : _bCambridge University Press, _c2019. |
||
| 300 | _axii, 320 p.; hb | ||
| 650 | _a Atmospheric science | ||
| 650 | _a Earth science | ||
| 650 | _a Planetary science | ||
| 650 | _aPlanetary climate | ||
| 942 | _cTB | ||
| 999 |
_c52869 _d52869 |
||